03920nam a22002657a 45000010005000000030006000050050017000110080041000280400029000690500008000980820008001061000017001142450117001312500059002482600106003073000045004135202014004585200767024726500103032396500041033429420016033839990015033999520120034149520120035346462FISKH20250512151150.0250506b cb ||||| |||| 00| 0 eng d aFISKHbkhrcFISKHdFISKH aPZ7 a800 aSamnang, Mao aមេឃាដួងចិត្ត /cអ្នកស្រី ម៉ៅ សំណាង (ទន្សាយ) aចេញផ្សាយឆ្នាំ​២០០៩ aភ្នំពេញ :bបណ្ណាល័យ សុរិយារង្សី ,c២០០៩ . a124 pages : billustrations ; c21 cm .  aទិគវឌ្ឍន៍៖ ជាយុវជនម្នាក់មកពីភូមិជនបទនៅខេត្តបាត់ដំបង ដែលបានមកសិក្សានៅវិទ្យាល័យព្រះស៊ីសុវត្ថិ ក្នុងរាជធានីភ្នំពេញ។ ចន្ទរ័ត្ន៖ ស្រីថៃម្នាក់ដែលមានរូបសម្បត្តិស្រស់ស្អាត ដែលទិគវឌ្ឍន៍បានជួបពេលដំណើរទស្សនកិច្ចមួយ។ ការជួបគ្នាស្រួលស្រាយរបស់ពួកគេ បានបង្កើតភាពភ្ជាប់យ៉ាងជ្រាលជ្រៅផ្លូវអារម្មណ៍ ដែលនាំឲ្យកើតជាសមីខ្សែស្នេហ៍ស្មុគស្មាញរួមមាននារីម្នាក់ទៀតឈ្មោះសូរិយា។ រឿងនេះបានបញ្ចូលប្រធានបទដូចជា ក្តីស្រឡាញ់របស់យុវវ័យ អត្តសញ្ញាណជាតិ និងភាពស្មុគស្មាញនៃស្នេហា និងការលះបង់។ ដោយមានផ្ទៃខាងក្រោយជាស្ថានការណ៍នយោបាយរំខាននៃសម័យនោះ រឿងនេះបានបង្ហាញពីបញ្ហាផ្លូវផ្ទាល់ខ្លួន និងសង្គម ដែលតួអង្គត្រូវប្រឈមមុខ។ តាមរយៈរបាយការណ៍ដ៏សម្បូរបែបនេះ មេឃាដួងចិត្ត បានផ្តល់ជាកម្រងបញ្ចាំងនៃអារម្មណ៍ និងវប្បធម៌កម្ពុជា នៅសម័យអាណានិគម។ aTikhavuth: A young man from a rural village in Battambang province who comes to study at the prestigious Preah Sisowath High School in Phnom Penh. Chantharath: A beautiful Thai girl whom Tikhavuth meets during a sightseeing trip. Their casual encounter develops into a deep emotional connection, leading to a complex love triangle that includes another woman named Soriya. The story explores themes such as youthful love, national identity, and the complexities of love and sacrifice. Set against the backdrop of a politically turbulent era, the novel portrays the personal and social challenges faced by the characters. Through its rich narrative, Meakha Doung Chet provides a vivid reflection of Cambodia’s emotions and culture during the colonial period. aមេឃាដួងចិត្តvប្រលោមលោកមនោសញ្ចេតនា aMea khea doung chetvRomance fiction 2ddccKHBn0 c6462d6462 00102ddc40708KHa002b002cSKBd2025-05-06l0oSAM PZ7 800pFISSE01721r2025-05-06 09:19:03t1w2025-05-06yKHB 00102ddc40708KHa002b002cSKBd2025-05-13l0oSAM PZ7 800pFISSE01722r2025-05-13 08:53:35t2w2025-05-13yKHB